Top 10 Things To Do In Oxford - Statistics

General Stats
  • This quiz has been taken 112 times
  • The average score is 4 of 10
Answer Stats
Attraction % Correct
4 University of Oxford
69%
5 Bodleian Library
57%
9 Christ Church
53%
1 Ashmolean Museum of Art and Archaeology
48%
10 Magdalen College
30%
2 Pitt Rivers Museum
30%
3 Oxford University Museum of Natural History
29%
8 Oxford Castle Unlocked
23%
7 Christ Church Meadow
14%
6 Creation Theatre Company
0%
No matching quizzes found
Score Distribution
Percent of People with Each Score
Percentile by Number Answered
Your Score History
You have not taken this quiz